| 000 | 00518nam a2200145Ia 4500 | ||
|---|---|---|---|
| 008 | 170221s9999 xx 000 0 und d | ||
| 100 | _aTamara Mikhaelovna Stepanskaya | ||
| 245 | _aEducational Activities at University Museums and art Galleries as the European Tradition | ||
| 245 | _cTamara Mikhaelovna Stepanskaya | ||
| 260 | _bInternational Review of Management and Marketing | ||
| 260 | _c2012 | ||
| 300 | _a1 : 4 | ||
| 650 | _xMarketing. | ||
| 856 | _uhttp://www.econjournals.com/index.php/irmm/issue/view/75 | ||
| 999 |
_c313911 _d313911 |
||